FUNDAMENTALS OF BUSINESS INFORMATION SYSTEMS (Record no. 215951)

MARC details
000 -LEADER
fixed length control field 00506nam a22001817a 4500
008 - FIXED-LENGTH DATA ELEMENTS--GENERAL INFORMATION
fixed length control field 250721b |||||||| |||| 00| 0 eng d
020 ## - INTERNATIONAL STANDARD BOOK NUMBER
International Standard Book Number 978-1-4080-4421
100 ## - MAIN ENTRY--PERSONAL NAME
Personal name STAIR RALPH
245 ## - TITLE STATEMENT
Title FUNDAMENTALS OF BUSINESS INFORMATION SYSTEMS
250 ## - EDITION STATEMENT
Edition statement 2ND ED.
260 ## - PUBLICATION, DISTRIBUTION, ETC.
Place of publication, distribution, etc. LONDON
Name of publisher, distributor, etc. CENGAGE
Date of publication, distribution, etc. 2012
300 ## - PHYSICAL DESCRIPTION
Extent XXIII,406P.
500 ## - GENERAL NOTE
General note INCLUDES AN INDEX
650 ## - SUBJECT ADDED ENTRY
Topical term or geographic name entry element MANAGEMENT INFORMATION SYSTEMS
700 ## - ADDED ENTRY--PERSONAL NAME
Personal name GEORGE REYNOLDS AND THOMAS CHESNEY
942 ## - ADDED ENTRY ELEMENTS (KOHA)
Source of classification or shelving scheme Library of Congress Classification
Koha item type Long Loan Book
Holdings
Withdrawn status Lost status Source of classification or shelving scheme Damaged status Not for loan Collection Home library Current library Shelving location Date acquired Inventory number Total checkouts Full call number Barcode Date last seen Copy number Price effective from Koha item type
    Library of Congress Classification     Business & Economics Kisii University Library Kisii University Library On Display 07/21/2025 109139   T 58.6 .S73 2012 000000024352 07/21/2025 1 07/21/2025 Long Loan Book
    Library of Congress Classification     Business & Economics Kisii University Library Kisii University Library On Display 07/21/2025 109140   T 58.6 .S73 2012 000000024353 07/21/2025 2 07/21/2025 Long Loan Book
    Library of Congress Classification     Business & Economics Kisii University Library Kisii University Library On Display 07/21/2025 109141   T 58.6 .S73 2012 000000024431 07/21/2025 3 07/21/2025 Long Loan Book
    Library of Congress Classification     Business & Economics Kisii University Library Kisii University Library On Display 07/21/2025 109142   T 58.6 .S73 2012 000000024430 07/21/2025 4 07/21/2025 Long Loan Book
    Library of Congress Classification     Business & Economics Kisii University Library Kisii University Library On Display 07/21/2025 109143   T 58.6 .S73 2012 000000024429 07/21/2025 5 07/21/2025 Long Loan Book